Z jakiego kraju jest podany piłkarz #1 - Statystyki

Ogólne statystyki
  • Ten quiz został rozwiązany 147 razy
    139 od ostatniego zresetowania
  • Średni wynik to 8 z 8
Statystyki odpowiedzi
Hint Odpowiedź % Poprawnych
Messi Argentyna
99%
Lewandowski Polska
99%
Bellingham Anglia
96%
Suarez Urugwaj
96%
Müller Niemcy
95%
Neymar Brazylia
92%
Giroud Francja
90%
Frankie de Jong Holandia
90%
Nie znaleziono quizów pasujących do podanych kryteriów
Rozkład punktacji
Procent ludzi z każdym wynikiem
Percentyl według liczby udzielonych odpowiedzi
Twoja historia wyników
Nie rozwiązałeś tego quizu od ostatniego zresetowania